Psychology and Industry Today : an introduction to industrial and organization psychology (Record no. 190)
[ view plain ]
| 000 -LEADER | |
|---|---|
| fixed length control field | 00411 a2200109 4500 |
| 082 ## - DEWEY DECIMAL CLASSIFICATION NUMBER | |
| Classification number | 158.7 SCH |
| 100 ## - MAIN ENTRY--PERSONAL NAME | |
| Personal name | Schultz, Duane P. |
| 245 ## - TITLE STATEMENT | |
| Title | Psychology and Industry Today : an introduction to industrial and organization psychology |
| Statement of responsibility, etc. | Duane P.Schultz, Sydney Ellen Schultz |
| 250 ## - EDITION STATEMENT | |
| Edition statement | 2nd ed. |
| 260 ## - PUBLICATION, DISTRIBUTION, ETC. | |
| Place of publication, distribution, etc. | islamabad : |
| Name of publisher, distributor, etc. | National Book Foundation, |
| 300 ## - PHYSICAL DESCRIPTION | |
| Extent | ix, 593p. : |
| Other physical details | ill ., ; |
| Dimensions | 25 cm |
| 650 ## - SUBJECT ADDED ENTRY--TOPICAL TERM | |
| Topical term or geographic name entry element | Psychology -- Organizational Psychology |
| Withdrawn status | Lost status | Damaged status | Not for loan | Permanent Location | Current Location | Shelving location | Date acquired | Total Checkouts | Full call number | Barcode | Date last seen | Price effective from | Koha item type |
|---|---|---|---|---|---|---|---|---|---|---|---|---|---|
| School of Civil and Environmental Engineering (SCEE) | School of Civil and Environmental Engineering (SCEE) | 158.7 SCH | NIT-3767 | 01/05/2017 | 01/05/2017 | Book | |||||||
| School of Civil and Environmental Engineering (SCEE) | School of Civil and Environmental Engineering (SCEE) | NIT-3766 | 01/05/2017 | 01/05/2017 | Book |
